| 000 | 02569nam0a22003251 4500 | ||
|---|---|---|---|
| 001 | rc\3967028 | ||
| 005 | 20250611041335.0 | ||
| 021 |
_aRU _b[56-676ж] |
||
| 035 | _a(NLR Aleph) 008053703 | ||
| 090 |
_a8958116 _c8958116 |
||
| 100 | _a20130415d1955 |||y0rusy50 ca | ||
| 101 | 0 | _arus | |
| 102 | _aRU | ||
| 105 | _aa z ||||| | ||
| 200 | 1 |
_aМатериалы по изучению процессов почвенной эрозии и плодородия смытых почв _f[Отв. ред. проф. С.С. Соболев] |
|
| 210 |
_aМосква _cИзд-во Акад. наук СССР _d1955 |
||
| 215 |
_a240 с. _cил. _d26 |
||
| 225 | 1 |
_aАкадемия наук СССР. Труды Почвенного института им. В.В. Докучаева _vТ. 48 |
|
| 320 | _aБиблиогр. в конце статей | ||
| 327 | 1 | _aСодерж.: Изучение водопроницаемости, стока и смыва на каштановых щебнистых почвах правобережья Нижней Волги в целях их мелиорации / Г.П. Сурмач. Повышение урожайности и борьба с эрозией почв путем задержания талых вод обвалованием / И.С. Терещенко | |
| 464 | 0 |
_12001#$aПовышение урожайности и борьба с эрозией почв путем задержания талых вод обвалованием _1700#1$aТерещенко$bИ.С. _tПовышение урожайности и борьба с эрозией почв путем задержания талых вод обвалованием _aТерещенко, И.С. |
|
| 464 | 0 |
_12001#$aИзучение водопроницаемости, стока и смыва на каштановых щебнистых почвах правобережья Нижней Волги в целях их мелиорации _1700#1$aСурмач$bГ.П. _tИзучение водопроницаемости, стока и смыва на каштановых щебнистых почвах правобережья Нижней Волги в целях их мелиорации _aСурмач, Г.П. |
|
| 606 |
_aЭрозия почв _jСборники _2psbo |
||
| 606 |
_aПлодородие почв _jСборники _2psbo |
||
| 702 | 1 |
_aСоболев _bС.С. _gСергей Степанович _4340 |
|
| 801 | 0 |
_aRU _bNLR _gpsbo |
|
| 801 | 1 |
_aRU _bELAR _2rusmarc |
|
| 852 |
_aNLR _jП14/188 |
||
| 942 | _cBOOK | ||
| 980 | _aNB | ||